| 000 | 00796nam a2200229Ia 4500 | ||
|---|---|---|---|
| 003 | OSt | ||
| 005 | 20220926021858.0 | ||
| 006 | a|||||r|||| 00| 0 | ||
| 007 | ta | ||
| 008 | 220923b |||||||| |||| 00| 0 eng d | ||
| 037 | _cGeneral Book | ||
| 040 |
_aRTL _cRTL _beng |
||
| 041 |
_2eng _aeng |
||
| 082 | _aVIN45, 936:8, K2,3A/UN | ||
| 110 |
_aUNITED NATIONS, ECONOMIC AND SOCIAL COUNCIL, OFFICIAL RECORDS: 23RD SESSIONS _9327084 |
||
| 245 | 0 |
_aUnited Nations children`s fund _b Report of the executive director |
|
| 260 |
_aNew York _bUnited Nations _c1962 |
||
| 300 |
_a19p _ccm. |
||
| 700 |
_aUNITED NATIONS, ECONOMIC AND SOCIAL COUNCIL, OFFICIAL RECORDS: 23RD SESSIONS _9327085 |
||
| 942 |
_hVIN45, 936:8, K2,3A/UN _cGB _2CC |
||
| 999 |
_c637915 _d637915 |
||